La pornographie (Record no. 22094)

MARC details
000 -LEADER
campo de control de longitud fija 00518nmm a2200193 a 4500
003 - IDENTIFICADOR DE NÚMERO DE CONTROL
campo de control AR-X00000XY
005 - FECHA Y HORA DE LA ÚLTIMA TRANSACCIÓN
campo de control 20251128212021.0
008 - DATOS DE LONGITUD FIJA--INFORMACIÓN GENERAL
campo de control de longitud fija 147020s1962 ||||||||||||||000 | spa||
040 ## - FUENTE DE CATALOGACIÓN
Centro/agencia transcriptor AR-X00000XY
100 1# - ENTRADA PRINCIPAL--NOMBRE DE PERSONA
Nombre de persona Gombrowicz, Witold
245 10 - MENCIÓN DEL TÍTULO
Título La pornographie
Resto del título roman
260 ## - PUBLICACIÓN, DISTRIBUCIÓN, ETC.
Lugar de publicación, distribución, etc. Paris
Nombre del editor, distribuidor, etc. René Julliard
Fecha de publicación, distribución, etc. 1962
300 0# - DESCRIPCIÓN FÍSICA
Extensión 228 p.
500 0# - NOTA GENERAL
Nota general Con firma y anotaciones manuscritas de Alejandra Pizarnik
655 ## - TERMINO DE INDIZACIÓN--GENERO/FORMA
Datos o término principal de género/forma LITERATURA
700 1# - ENTRADA AGREGADA--NOMBRE PERSONAL
Nombre de persona Lisowski, Georges
Término indicativo de función/relación traductor
942 ## - ELEMENTOS DE ENTRADA SECUNDARIOS (KOHA)
Tipo de ítem Koha Libros
998 ## - INFORMACIÓN DE CONTROL LOCAL (RLIN)
Iniciales del catalogador, CIN (RLIN) martin
Holdings
Estatus retirado Estado de pérdida Fuente de la clasificación o esquema de estantería Estado de daño Restricciones de uso No para préstamo Biblioteca de origen Biblioteca actual Fecha de adquisición Total de préstamos Código de barras Visto por última vez Precio de reemplazo Tipo de ítem Koha
    Clasificación Decimal Dewey   Acceso restringido No para préstamo Liberty Liberty 28/11/2025   146263 28/11/2025 28/11/2025 Libros